000 00288nam a22001217a 4500
008 171005b xxu||||| |||| 00| 0 eng d
041 _aeng
080 _25 ED
_a159.9
100 _a49
101 _aPSI
245 _aCOMPRESIVE TEXTBOOK OF PSYCHIAATRY
_cKAPLAN.H.I
942 _2udc
_cBK
999 _c31986
_d31986